Statistics for US States Bordering an "M-State"

Click here to take the quiz!

General Stats

  • This quiz has been taken 131 times
  • The average score is 31 of 33

Answer Stats

HintAnswer% Correct
New York
100%
MaineNew Hampshire
99%
New Hampshire
99%
North Dakota
99%
North Dakota
99%
Virginia
99%
Ohio
98%
South Dakota
98%
South Dakota
98%
MarylandDelaware
97%
Rhode Island
97%
West Virginia
97%
MississippiAlabama
96%
Arkansas
96%
MissouriArkansas
96%
Iowa
96%
MinnesotaIowa
96%
Kansas
96%
Vermont
96%
MassachusettsConnecticut
95%
MontanaIdaho
95%
MichiganIndiana
94%
Wyoming
94%
Louisiana
93%
Wisconsin
93%
Wisconsin
93%
Oklahoma
92%
Tennessee
92%
Tennessee
92%
Illinois
91%
Nebraska
91%
Pennsylvania
91%
Kentucky
89%

Score Distribution

Percentile by Number Answered

Percent of People with Each Score

Your Score History

You have not taken this quiz